00395nam a2200145Ia 4500008004100000020001500041041001200056082001100068100001500079245008700094260002500181300000900206650001500215700001900230221030s9999 xx 000 0 und d a007065994X aEnglish a105.23 aF. P. Beer 0aVector Mechanics For Engineers - Statics & Dynamicscby F. P. Beer, E. R. Johnston bTMHaNew Delhic2010 a1326 aMechanical aE. R. Johnston